Type Many A's for the Answers - Statistics

General Stats
  • This quiz has been taken 28 times
  • The average score is 57 of 66
Answer Stats
Type A's % Correct
AAAAAAAAAAAAAA
100%
AAAAAAAAAAAAAAAAAAAAAAAAAAAA
95%
AAAAAAAAAAAAAA
90%
AAAAAAAAAAAAAA
90%
AAAAAAAAAAAAAA
90%
AAAAAAAAAAAAAA
90%
AAAAAAAAAAAAAA
90%
AAAAAAAAAAAAAAAAAAAAAAAAAAAA
90%
AAAAAAAAAAAAAAAAAAAAAAAAAAAAAAAAAAAAAAAAAA
90%
AAAAAAAAAAAAAAAAAAAAAAAAAAAAAAAAAAAAAAAAAA
90%
AAAAAAAAAAAAA
86%
AAAAAAAAAAAAAA
86%
AAAAAAAAAAAAAA
86%
AAAAAAAAAAAAAA
86%
AAAAAAAAAAAAAA
86%
AAAAAAAAAAAAAA
86%
AAAAAAAAAAAAAA
86%
AAAAAAAAAAAAAA
86%
AAAAAAAAAAAAAA
86%
AAAAAAAAAAAAAA
86%
AAAAAAAAAAAAAA
86%
AAAAAAAAAAAAAA
86%
AAAAAAAAAAAAAA
86%
AAAAAAAAAAAAAA
86%
AAAAAAAAAAAAAA
86%
AAAAAAAAAAAAAA
86%
AAAAAAAAAAAAAA
86%
AAAAAAAAAAAAAA
86%
AAAAAAAAAAAAAA
86%
AAAAAAAAAAAAAAAAAAAAAAAAAAA
86%
AAAAAAAAAAAAAAAAAAAAAAAAAAAA
86%
AAAAAAAAAAAAAAAAAAAAAAAAAAAA
86%
AAAAAAAAAAAAAAAAAAAAAAAAAAAAAA
86%
AAAAAAAAAAAAAAAAAAAAAAAAAAAAAA
86%
AAAAAAAAAAAAAAAAAAAAAAAAAAAAAA
86%
AAAAAAAAAAAAAAAAAAAAAAAAAAAAAA
86%
AAAAAAAAAAAAAAAAAAAAAAAAAAAAAA
86%
AAAAAAAAAAAAAAAAAAAAAAAAAAAAAA
86%
AAAAAAAAAAAAAAAAAAAAAAAAAAAAAAAAA
86%
AAAAAAAAAAAAAAAAAAAAAAAAAAAAAAAAAAAAAAAAAA
86%
AAAAAAAAAAAAAAAAAAAAAAAAAAAAAAAAAAAAAAAAAA
86%
AAAAAAAAAAAAAAAAAAAAAAAAAAAAAAAAAAAAAAAAAA
86%
AAAAAAAAAAAAAAAAAAAAAAAAAAAAAAAAAAAAAAAAAA
86%
AAAAAAAAAAAAAAAAAAAAAAAAAAAAAAAAAAAAAAAAAA
86%
AAAAAAAAAAAAAAAAAAAAAAAAAAAAAAAAAAAAAAAAAA
86%
AAAAAAAAAAAAAAAAAAAAAAAAAAAAAAAAAAAAAAAAAA
86%
AAAAAAAAAAAAAAAAAAAAAAAAAAAAAAAAAAAAAAAAAA
86%
AAAAAAAAAAAAAAAAAAAAAAAAAAAAAAAAAAAAAAAAAA
86%
AAAAAAAAAAAAAAAAAAAAAAAAAAAAAAAAAAAAAAAAAAAA
86%
AAAAAAAAAAAAAAAAAAAAAAAAAAAAAAAAAAAAAAAAAAAAAAAAAAA
86%
AAAAAAAAAAAAAAAAAAAAAAAAAAAAAAAAAAAAAAAAAAAAAAAAAAAAAAAA
86%
AAAAAAAAAAAAAAAAAAAAAAAAAAAAAAAAAAAAAAAAAAAAAAAAAAAAAAAAAAAA
86%
AAAAAAAAAAAAAAAAAAAAAAAAAAAAAAAAAAAAAAAAAAAAAAAAAAAAAAAAAAAA
86%
AAAAAAAAAAAAAAAAAAAAAAAAAAAAAAAAAAAAAAAAAAAAAAAAAAAAAAAAAAAA
86%
AAAAAAAAAAAAAAAAAAAAAAAAAAAAAAAAAAAAAAAAAAAAAAAAAAAAAAAAAAAAA
86%
AAAAAAAAAAAAAAAAAAAAAAAAAAAAAAAAAAAAAAAAAAAAAAAAAAAAAAAAAAAAA
86%
AAAAAAAAAAAAAAAAAAAAAAAAAAAAAAAAAAAAAAAAAAAAAAAAAAAAAAAAAAAAAAAA
86%
AAAAAAAAAAAAAAAAAAAAAAAAAAAAAAAAAAAAAAAAAAAAAAAAAAAAAAAAAAAAAAAAAAAAAA
86%
AAAAAAAAAAAAAAAAAAAAAAAAAAAAAAAAAAAAAAAAAAAAAAAAAAAAAAAAAAAAAAAAAAAAAA
86%
AAAAAAAAAAAAAAAAAAAAAAAAAAAAAAAAAAAAAAAAAAAAAAAAAAAAAAAAAAAAAAAAAAAAAAA
86%
AAAAAAAAAAAAAAAAAAAAAAAAAAAAAAAAAAAAAAAAAAAAAAAAAAAAAAAAAAAAAAAAAAAAAAAAAAAAAAAA
86%
AAAAAAAAAAAAAAAAAAAAAAAAAAAAAAAAAAAAAAAAAAAAAAAAAAAAAAAAAAAAAAAAAAAAAAAAAAAAAAAAAAAA
86%
AAAAAAAAAAAAAAAAAAAAAAAAAAAAAAAAAAAAAAAAAAAAAAAAAAAAAAAAAAAAAAAAAAAAAAAAAAAAAAAAAAAA
86%
AAAAAAAAAAAAAAAAAAAAAAAAAAAAAAAAAAAAAAAAAAAAAAAAAAAAAAAAAAAAAAAAAAAAAAAAAAAAAAAAAAAA
86%
AAAAAAAAAAAAAAAAAAAAAAAAAAAAAAAAAAAAAAAAAAAAAAAAAAAAAAAAAAAAAAAAAAAAAAAAAAAAAAAAAAAAAA
86%
AAAAAAAAAAAAAAAAAAAAAAAAAAAAAAAAAAAAAAAAAAAAAAAAAAAAAAAAAAAAAAAAAAAAAAAAAAAAAAAAAAAAAAAAAA
86%
No matching quizzes found
Score Distribution
Percent of People with Each Score
Percentile by Number Answered
Your Score History
You have not taken this quiz